000 01189nac a22002531u 4500
010 _a 97960779
020 _a9774244281
082 _a330.956
_bHAN
090 _c6181
_d6181
100 _a20080729
245 0 0 _aEconomic transition in the Middle East :
_bglobal challenges and adjustment strategies /
_cedited by Heba Handoussa.
250 _a1st. ed.
260 _aCairo :
_bThe American University in Cairo Press,1997
_c1997.
300 _avii, 275 p. :
_bill. ;
_c24 cm.
500 _a"Based on papers presented at a conference organized by the Economic Research Forum and held in Rabat in 1995, as well as at an earlier conference organized in 1992 by the American University in Cairo" -- pref.
500 _adistributer: Al-Ahram
504 _aIncludes bibliographical references (p. 259-262) and index.
511 _acatalogued by: wessam
650 0 _aGlobalization
_xEconomic aspects
_zMiddle East
_vCongresses.
651 0 _aMiddle East
_xEconomic conditions
700 1 _aHandoussa, Heba Ahmad.
942 _cBB
_k330.956HAN
999 _c6181
_d6181